क्षेत्रीय विकास में सामयिक बाजारों की भूमिका : (Record no. 27086)

MARC details
000 -LEADER
fixed length control field 00838nam a2200133Ia 4500
041 ## - LANGUAGE CODE
Language code of text/sound track or separate title हिंदी
082 ## - DEWEY DECIMAL CLASSIFICATION NUMBER
Classification number RS.0814
100 ## - MAIN ENTRY--AUTHOR NAME
Personal name सिंह, धरिंद्र
Affiliation सामाजिक विकास शोध संस्थान
245 #0 - TITLE STATEMENT
Title क्षेत्रीय विकास में सामयिक बाजारों की भूमिका :
Sub Title रसूलाबाद विकास खंड ( जनपद -कानपूर देहात ) के अध्ययन पर आधारित /
Statement of responsibility, etc धरिंद्र सिंह
260 ## - PUBLICATION, DISTRIBUTION, ETC. (IMPRINT)
Place of publication नई दिल्ली :
Name of publisher/Sponsor भारतीय सामाजिक विज्ञानं अनुसन्धान परिषद,
Year of publication 2005
300 ## - PHYSICAL DESCRIPTION
Number of Pages xvii, 299p.
650 ## - SUBJECT ADDED ENTRY--TOPICAL TERM
Topical Term Market Structure
-- BUSINESS & ECONOMICS
942 ## - ADDED ENTRY ELEMENTS (KOHA)
Source of classification or shelving scheme Dewey Decimal Classification
Koha item type Books
Holdings
Withdrawn status Lost status Damaged status Not for loan Collection code Home library Current library Date acquired Source of acquisition Full call number Accession Number Price effective from Koha item type
      Not For Loan ICSSR Research Project Reports NASSDOC Library NASSDOC Library 22/11/2021 Gifted by: RP Division ICSSR RS.0814 51718 17/12/2021 Research Reports